Kenapa Hidup Makin Sunyi? : (Record no. 201683)

MARC details
000 -LEADER
fixed length control field 01374nam a2200337 i 4500
003 - CONTROL NUMBER IDENTIFIER
control field PPAK
005 - DATE AND TIME OF LATEST TRANSACTION
control field 20251120115409.0
008 - FIXED-LENGTH DATA ELEMENTS--GENERAL INFORMATION
fixed length control field 251120s2024 my ad gr 000 0 may d
020 ## - INTERNATIONAL STANDARD BOOK NUMBER
International Standard Book Number 9786297665344
Qualifying information paperback
Terms of availability RM 32.00
040 ## - CATALOGING SOURCE
Original cataloging agency PPAK
Language of cataloging eng
Transcribing agency PPAK
Description conventions rda
082 04 - DEWEY DECIMAL CLASSIFICATION NUMBER
Classification number 158.2
Edition number 23
090 00 - LOCALLY ASSIGNED LC-TYPE CALL NUMBER (OCLC); LOCAL CALL NUMBER (RLIN)
Classification number (OCLC) (R) ; Classification number, CALL (RLIN) (NR) 158.2
Feature heading ROZ
Feature heading G
100 0# - MAIN ENTRY--PERSONAL NAME
Personal name Rozanizam Zakaria,
Titles and words associated with a name Dr.,
Dates associated with a name 1984-
Relator term author.
245 10 - TITLE STATEMENT
Title Kenapa Hidup Makin Sunyi? :
Remainder of title Menghargai Waktu Berseorangan Sebagai Ruang Untuk Memahami Diri /
Statement of responsibility, etc. DR ROZANIZAM ZAKARIA, DR. NORUL MADIHAH ZAKARIA ; Ketua Editor :Rahmah Pauzi ; Editor :Fakhrur Radzi Ahmad Fuad ; Editor Naskhah :Ahmad Muziru Idham Adnan ; Pereka Ilustrasi : Aqil Ng
264 #1 - PRODUCTION, PUBLICATION, DISTRIBUTION, MANUFACTURE, AND COPYRIGHT NOTICE
Place of production, publication, distribution, manufacture Kajang, Selangor :
Name of producer, publisher, distributor, manufacturer IMAN PUBLICATION SDN BHD,
Date of production, publication, distribution, manufacture, or copyright notice 2024
300 ## - PHYSICAL DESCRIPTION
Extent 204 pages :
Other physical details colour illustrations ;
Dimensions 21 cm
336 ## - CONTENT TYPE
Content type term text
Source rdacontent
Content type term still image
Source rdacontent
337 ## - MEDIA TYPE
Media type term unmediated
Source rdamedia
338 ## - CARRIER TYPE
Carrier type term volume
Source rdacarrier
504 ## - BIBLIOGRAPHY, ETC. NOTE
Bibliography, etc. note Bibliography: pages 210-213
650 10 - SUBJECT ADDED ENTRY--TOPICAL TERM
Topical term or geographic name entry element Loneliness
Topical term or geographic name entry element Self-actualization (Psychology)
Topical term or geographic name entry element Motivation (Psychology)
700 0# - ADDED ENTRY--PERSONAL NAME
Personal name Norul Madihah,
Titles and other words associated with a name Dr.,
Relator term author.
Personal name Rahmah Pauzi,
Dates associated with a name 1990-,
Relator term editor.
Personal name Fakhrur Radzi Ahmad Fuad,
Relator term editor.
Personal name Ahmad Muziru Idham Adnan,
Relator term editor.
Personal name Aqil Ng,
Relator term illustrator.
942 ## - ADDED ENTRY ELEMENTS (KOHA)
Koha item type Book
Source of classification or shelving scheme Dewey Decimal Classification
Holdings
Withdrawn Not for loan Current library Shelving location Date acquired Total Checkouts Full call number Barcode Date last seen Koha item type Checked out Date last checked out
    Perpustakaan Alor Setar Pinjaman Dewasa 23/11/2025   158.2 ROZ A01890197 23/11/2025 Book    
    Perpustakaan Awam Sungai Petani Pinjaman Dewasa 23/11/2025   158.2 ROZ A01890198 23/11/2025 Book    
    Perpustakaan Jitra Pinjaman Dewasa 23/11/2025 1 158.2 ROZ A01890199 22/06/2026 Book 13/07/2026 22/06/2026
    Perpustakaan Kuala Nerang Pinjaman Dewasa 23/11/2025   158.2 ROZ A01890207 23/11/2025 Book    
    Perpustakaan Kulim Pinjaman Dewasa 23/11/2025 1 158.2 ROZ A01890201 28/06/2026 Book 19/07/2026 28/06/2026
    Perpustakaan Langkawi Pinjaman Dewasa 23/11/2025   158.2 ROZ A01890200 23/11/2025 Book    
    Perpustakaan Merbok Pinjaman Dewasa 23/11/2025 1 158.2 ROZ A01890204 23/06/2026 Book   03/06/2026
    Perpustakaan Pendang Pinjaman Dewasa 23/11/2025   158.2 ROZ A01890208 23/11/2025 Book    
    Perpustakaan Yan Pinjaman Dewasa 23/11/2025   158.2 ROZ A01890205 23/11/2025 Book